000
00344nam a22001217a 4500
003
SGT
082
_a
200
_b
S16S
100
_a
श्रीवास्तव, मनोज कुमार
245
_a
सुंदरकांड : एक पुनर्पाठ
260
_b
रचना समय
_c
2016
300
_a
679
942
_2
ddc
_c
BK
999
_c
31720
_d
31720